O livro da fortuna (Record no. 151973)

MARC details
000 -LÍDER
campo de controle de tamanho fixo 00312 a2200145 4500
001 - NÚMERO DE CONTROLE
campo de controle 151973
040 ## - FONTE DA CATALOGAÇÃO
Instituição que transcreveu o registro Escola São Tomás de Aquino
240 10 - TÍTULO UNIFORME
Título uniforme O livro da fortuna
Idioma da obra por
245 10 - TÍTULO
Título O livro da fortuna
300 ## - DESCRIÇÃO FÍSICA
Extensão 93
362 0# - DATAS DE PUBLICAÇÃO E/OU DESIGNAÇÃO SEQUENCIAL
Datas de publicação e/ou designação sequencial 1997
440 #1 - DECLARAÇÃO DE SÉRIE/ENTRADA ADICIONADA--TÍTULO
Título FTD
697 ## - ENTRADA DE ASSUNTO LOCAL--ENTIDADE COLETIVA (RLIN)
Nome corporativo ou nome da jurisdição *LITERATURA JUVENIL
942 ## - ELEMENTOS DE ENTRADA ADICIONADOS (KOHA)
Tipo de material Koha Livros
Holdings
Situação do descarte Situação das perdas Situação física Não pode ser emprestado Biblioteca de origem Biblioteca atual Data de aquisição Total de empréstimos Número de chamada completo Código de barras Data de último acesso Data do preço efetivo Tipo de material Koha Fonte da classificação ou esquema de arquivamento na estante Nota pública
        ESTA - SÃO BENTO ESTA - SÃO BENTO 30/04/2024   028.54 LIV EST00006011 30/04/2024 30/04/2024 Livros    
        Novo Tempo - Aureliano São José Novo Tempo - Aureliano São José 03/05/2024     nt197 03/05/2024 03/05/2024 Livros Classificação Decimal de Dewey Estante Branca
        Novo Tempo - Aureliano São José Novo Tempo - Aureliano São José 03/05/2024     nt198 03/05/2024 03/05/2024 Livros Classificação Decimal de Dewey Estante Branca